| 000 | 00741cab a2200229 4500 | ||
|---|---|---|---|
| 001 | WB3512-15 | ||
| 008 | 090401t1999 xxu||||| |||| 00| 0 eng d | ||
| 035 | _a(Sirsi) u92304 | ||
| 041 | _aeng | ||
| 245 | _a`Bullying` claim by farmers | ||
| 260 | _c1999 | ||
| 350 | _a0 | ||
| 490 |
_aYorkshire Post _v22 March 1999, 8(1) |
||
| 520 | _aNational Grid is accused of bullying farmers and landowners in order to gain access onto their land to carry out surveying work prior to the erection of a series of electricity pylons. | ||
| 650 | _aACCESS TO LAND | ||
| 650 | _aELECTRICITY PYLONS | ||
| 650 | _aFARMLAND | ||
| 650 | _aNATIONAL GRID | ||
| 690 | _aENVIRONMENTAL AND LAND CONSULTANCY-ENERGY | ||
| 942 | _n0 | ||
| 948 | _c23/03/1999 | ||
| 999 |
_c58527 _d58527 |
||